Sports Quiz

Random Sports or NHL Quiz
Score 0/50 Timer 05:00
0 Plays Today
Season Answer % Correct
2015-16Max Domi
98%
2012-13*Antoine Vermette
94.6%
2012-13*Oliver Ekman-Larsson
94.6%
2014-15Oliver Ekman-Larsson
94.6%
2015-16Oliver Ekman-Larsson
94.6%
2009-10Shane Doan
93.3%
2009-10Shane Doan
93.3%
2010-11Shane Doan
93.3%
2010-11Shane Doan
93.3%
2015-16Shane Doan
93.3%
2015-16Shane Doan
93.3%
2017-18Clayton Keller
91.9%
2017-18Clayton Keller
91.3%
2017-18Clayton Keller
91.3%
2018-19Clayton Keller
91.3%
2018-19Clayton Keller
91.3%
2017-18Max Domi
78.5%
2009-10Keith Yandle
76.5%
2010-11Keith Yandle
76.5%
2012-13*Keith Yandle
76.5%
2012-13*Keith Yandle
76.5%
2013-14Keith Yandle
76.5%
2013-14Keith Yandle
76.5%
2014-15Keith Yandle
76.5%
2009-10Radim Vrbata
75.8%
Season Answer % Correct
2011-12Radim Vrbata
75.8%
2016-17Radim Vrbata
75.8%
2016-17Radim Vrbata
75.8%
2016-17Radim Vrbata
75.8%
2018-19Alex Galchenyuk
69.8%
2011-12Ray Whitney
61.1%
2011-12Ray Whitney
61.1%
2011-12Ray Whitney
61.1%
2013-14Martin Hanzal
57%
2013-14Antoine Vermette
53%
2015-16Anthony Duclair
51%
2018-19Niklas Hjalmarsson
38.3%
2016-17Christian Dvorak
36.2%
2009-10Paul Bissonnette
21.5%
2010-11Paul Bissonnette
21.5%
2013-14Zbynek Michalek
21.5%
2018-19Lawson Crouse
21.5%
2010-11Adrian Aucoin
13.4%
2014-15Kyle Chipchura
12.1%
2014-15Oliver Ekman Larsson
11.4%
2011-12Raffi Torres
10.7%
2016-17Luke Schenn
7.4%
2014-15B.J. Crombeen
6%
2017-18Kevin Connauton
6%
2012-13*David Schlemko
4%
Remove Ads.
Support Sporcle.
Get the best of Sporcle when you Go Orange. This ad-free experience offers more features, more stats, and more fun while also helping to support Sporcle. Thank you for becoming a member.

You're not logged in!

Compare scores with friends on all Sporcle quizzes.
OR
Log In

Show Comments

Extras

Created Sep 23, 2019ReportNominate
Tags:Hockey Quiz, NHL Quiz

Top Quizzes Today


Score Distribution

Your Account Isn't Verified!

In order to create a playlist on Sporcle, you need to verify the email address you used during registration. Go to your Sporcle Settings to finish the process.

Report this User

Report this user for behavior that violates our Community Guidelines.

Details: